000 00475nam a2200193Ia 4500
005 20250317060117.0
008 240331s9999 xx 000 0 und d
020 _a9559767844
082 _bMAL
_24837
_a301
100 _aMallikarachchi, D
245 0 _aSociological and Anthropological Writings
260 _bDesmond Mallikarachchi,
_c2003
300 _aix, 153 p.,
650 _aSociology
650 _aPolitics
650 _aReligion
650 _aClass
942 _cL
999 _c1451
_d1451